NFC Champions - Statistics

General Stats
  • This quiz has been taken 45 times
  • The average score is 44 of 59
Answer Stats
Year Team % Correct
2024 Philadelphia Eagles
100%
2022 Philadelphia Eagles
100%
2023 San Francisco 49ers
97%
2021 Los Angeles Rams
93%
2017 Philadelphia Eagles
93%
2019 San Francisco 49ers
90%
2020 Tampa Bay Buccaneers
90%
2018 Los Angeles Rams
87%
2011 New York Giants
87%
2014 Seattle Seahawks
87%
2016 Atlanta Falcons
83%
2010 Green Bay Packers
83%
2012 San Francisco 49ers
83%
2013 Seattle Seahawks
83%
2015 Carolina Panthers
80%
1966 Green Bay Packers
80%
2007 New York Giants
80%
2002 Tampa Bay Buccaneers
80%
2006 Chicago Bears
77%
1995 Dallas Cowboys
77%
1967 Green Bay Packers
77%
2004 Philadelphia Eagles
77%
1994 San Francisco 49ers
77%
2008 Arizona Cardinals
73%
1985 Chicago Bears
73%
1993 Dallas Cowboys
73%
1992 Dallas Cowboys
73%
1997 Green Bay Packers
73%
2009 New Orleans Saints
73%
2000 New York Giants
73%
1986 New York Giants
73%
1989 San Francisco 49ers
73%
1988 San Francisco 49ers
73%
1984 San Francisco 49ers
73%
2005 Seattle Seahawks
73%
2001 St. Louis Rams
73%
1999 St. Louis Rams
73%
1977 Dallas Cowboys
70%
1990 New York Giants
70%
1981 San Francisco 49ers
70%
1987 Washington Redskins
70%
1998 Atlanta Falcons
67%
2003 Carolina Panthers
67%
1978 Dallas Cowboys
67%
1975 Dallas Cowboys
67%
1970 Dallas Cowboys
67%
1996 Green Bay Packers
67%
1991 Washington Redskins
67%
1968 Baltimore Colts
63%
1971 Dallas Cowboys
63%
1980 Philadelphia Eagles
63%
1983 Washington Redskins
63%
1976 Minnesota Vikings
60%
1974 Minnesota Vikings
60%
1973 Minnesota Vikings
60%
1969 Minnesota Vikings
60%
1972 Washington Redskins
60%
1979 Los Angeles Rams
57%
1982 Washington Redskins
57%
No matching quizzes found
Score Distribution
Percent of People with Each Score
Percentile by Number Answered
Your Score History
You have not taken this quiz